|
|
|
|
| LEADER |
01478nam a2200301 a 4500 |
| 001 |
012660262-X |
| 008 |
120215s2011 kyu b 000 0 eng d |
| 020 |
|
|
|a 1456458884
|
| 020 |
|
|
|a 9781456458881
|
| 040 |
|
|
|a YDXCP
|c YDXCP
|d GZI
|d PQA
|d BD-DhAAL
|
| 082 |
0 |
4 |
|a 371.33
|2 22
|
| 999 |
|
|
|c 11886
|d 11886
|
| 999 |
|
|
|c 11886
|
| 100 |
1 |
|
|a Thomas, Douglas,
|d 1966-
|9 1755
|
| 245 |
1 |
2 |
|a A new culture of learning :
|b cultivating the imagination for a world of constant change /
|c Douglas Thomas and John Seely Brown.
|
| 260 |
|
|
|a [Lexington, Ky. :
|b CreateSpace?],
|c c2011.
|
| 300 |
|
|
|a 137 p. ;
|c 23 cm.
|
| 504 |
|
|
|a Includes bibliographical references (p. 122-133).
|
| 505 |
0 |
|
|a Arc-of-life learning -- A tale of two cultures -- Embracing change -- Learning in the collective -- The personal with the collective -- We know more than we can say -- Knowing, making, and playing -- Hanging out, messing around, and geeking out -- The new culture of learning for a world of constant change.
|
| 541 |
|
|
|e 00024493
|
| 650 |
|
0 |
|a Educational technology.
|9 1756
|
| 650 |
|
0 |
|a Digital media.
|9 1757
|
| 650 |
|
0 |
|a Internet in education.
|9 1758
|
| 650 |
|
0 |
|a Educational change.
|9 1759
|
| 700 |
1 |
|
|a Brown, John Seely.
|9 1760
|
| 852 |
1 |
|
|a Ayesha Abed Library
|c General shelf.
|
| 942 |
|
|
|2 ddc
|c BK
|0 1
|
| 952 |
|
|
|0 0
|1 0
|2 ddc
|4 0
|6 371_330000000000000_THO
|7 0
|9 19436
|a BRACUL
|b BRACUL
|c GEN
|d 2012-02-12
|e karim International
|g 1295.00
|l 2
|m 30
|o 371.33 THO
|p 3010024493
|r 2015-10-20
|s 2015-10-05
|t 1
|w 2012-02-15
|y BK
|